Sports Quiz

Random Sports or Baseball Quiz

Same Last Names (MLB Edition) Quiz Stats

 Plays Quiz not verified by Sporcle

Challenge
Share
Tweet
Embed
Score 0/37 Timer 05:00
0 Plays Today
First Names Last Name % Correct
Pedro, Ramon, TinoMartinez
96.7%
Bernie, Billy, TedWilliams
95.7%
Brooks, Frank, JackieRobinson
94.8%
Aramis, Hanley, MannyRamírez
94.8%
Carlos, Cliff, DerrekLee
94.5%
Bengie, Jose, YadierMolina
94%
Howard, Randy, WalterJohnson
93.3%
Felipe, Jesus, MoisesAlou
92.9%
Alex, Francisco, IvanRodriguez
92.6%
Andruw, Chipper, JacqueJones
92.6%
Jimmie, Pee Wee, PokeyReese
92.4%
Felix, Livan, RamonHernandez
92.4%
Cy, Eric, MichaelYoung
92.4%
Bo, Joe, ReggieJackson
92.1%
Aaron, Bret, RayBoone
91%
Brady, Garret, SparkyAnderson
89.3%
Bombo, Juan, MarianoRivera
89%
Carlos, Tony, Wily MoPeña
88.3%
Bob, George, KirkGibson
87.6%
First Names Last Name % Correct
Ervin, Johan, JulioSantana
87.6%
Otis, Russ, TrotNixon
85%
Hack, Mookie, WillieWilson
83.6%
Buck, Jeff, JeredWeaver
77.6%
Chili, Eric, WillieDavis
75%
Kerry, Smoky Joe, WilburWood
74%
John, Julio, MattFranco
70.2%
Edgar, Luis, JuanGonzalez
70%
Brian, Dave, RobinRoberts
69.5%
Jack, Tony, WillClark
69%
Doyle, Grover, MannyAlexander
68.8%
Freddy, Jonathan, ReySanchez
67.9%
Bobby, Kevin, Three-FingerBrown
66.9%
Buddy, David, GusBell
59.5%
Billy, Pepper, RussellMartin
55.7%
Billy, Darryl, JoshHamilton
52.4%
Al, Darren, JoeOliver
38.8%
Glenn, Jim, KurtAbbott
22.9%

You're not logged in!

Compare scores with friends on all Sporcle quizzes.
OR
Log In

You Might Also Like...

Show Comments

Extras

Top Quizzes Today


Score Distribution

Your Account Isn't Verified!

In order to create a playlist on Sporcle, you need to verify the email address you used during registration. Go to your Sporcle Settings to finish the process.

Report this User

Report this user for behavior that violates our Community Guidelines.

Details: